000 00714nam a2200229Ii 4500
003 JO-AjNU
008 230605s9999||||xx |||||||||||||| ||und||
017 _a2008/5/1663
020 _a978-9957-24-387
040 _aJO-AjNU
_bara
_erda
_cJO-AjNU
041 _aara
050 1 4 _aHF 5657.4.R356 2006
100 3 _aالرماحي، نواف محمد عباس,
_eauthor
_928239
245 0 0 _aالمحاسبة الادارية
250 _aط1
264 3 1 _aعمان: دار صفاء للنشر والتوزيع، 2006
300 _a210ص
336 _atext
_btxt
_2rdacontent
337 _aunmediated
_bn
_2rdamedia
338 _avolume
_bnc
_2rdacarrier
650 4 _aالمحاسبة الادارية
_928240
999 _aA10928
_c14496
_d14496